Practical electromagnetics : From biomedical sciences to wireless communication

Learn to solve both simple and complex electromagnetic problems with this text's unique integration of theoretical and mathematical concepts. With the author’s guidance, you’ll discover a broad range of classic and cutting-edge applications across a wide array of fields, including biomedicine,...

全面介绍

Đã lưu trong:
书目详细资料
主要作者: Misra, Devandra K.
格式: 图书
语言:Undetermined
出版: Hoboken Wiley-Interscience 2007
主题:
标签: 添加标签
没有标签, 成为第一个标记此记录!
Thư viện lưu trữ: Trung tâm Học liệu Trường Đại học Cần Thơ
LEADER 01152nam a2200229Ia 4500
001 CTU_164151
008 210402s9999 xx 000 0 und d
020 |c 165.74 
082 |a 537 
082 |b M678 
100 |a Misra, Devandra K. 
245 0 |a Practical electromagnetics : 
245 0 |b From biomedical sciences to wireless communication 
245 0 |c Devandra K. Misra 
260 |a Hoboken 
260 |b Wiley-Interscience 
260 |c 2007 
520 |a Learn to solve both simple and complex electromagnetic problems with this text's unique integration of theoretical and mathematical concepts. With the author’s guidance, you’ll discover a broad range of classic and cutting-edge applications across a wide array of fields, including biomedicine, wireless communication, process control, and instrumentation. Case studies, detailed derivations, and 170 fully solved examples deepen your understanding of theory, and help you apply numerical methods to real-world problems. 
650 |a Electromagnetism 
650 |z United States 
904 |i Loan, dthtrang, Giang 
980 |a Trung tâm Học liệu Trường Đại học Cần Thơ